| 000 | 00435nam a2200169Ia 4500 | ||
|---|---|---|---|
| 005 | 20250508160951.0 | ||
| 008 | 008 250505s9999 xx 000 0 hin d | ||
| 037 | _aReference | ||
| 040 |
_aFEDL _beng _cFEDL |
||
| 041 |
_ahin _2eng |
||
| 084 |
_a370.954, NAI _qFEDL |
||
| 100 | _aNayak J P | ||
| 245 | 0 | _aBhartiya shiksha ka itihas | |
| 300 | _axv,428p. | ||
| 942 |
_cREF _h370.954, NAI |
||
| 999 |
_c1367669 _d1367669 |
||